Publicity, communication and community in the information age

In the age of electronic communication, a new virtual social space is in the making which strengthen the cohesion of competing virtual communication communities, and in which, therefore, the influence of traditional social and political institutes declines. The new communication situations created b...

Teljes leírás

Elmentve itt :
Bibliográfiai részletek
Szerzők: Szécsi Gábor
Mák Kornél
Dokumentumtípus: Cikk
Megjelent: Belvedere Meridionale Szeged 2018
Sorozat:Belvedere Meridionale 30 No. 4
Kulcsszavak:Politikai kommunikáció, Elektronikus kommunikáció, Információs kor, Információs társadalom
Tárgyszavak:
doi:10.14232/belv.2018.4.13

Online Access:http://acta.bibl.u-szeged.hu/56985
LEADER 02010nab a2200253 i 4500
001 acta56985
005 20250627084616.0
008 190125s2018 hu o 000 eng d
022 |a 2064-5929 
024 7 |a 10.14232/belv.2018.4.13  |2 doi 
040 |a SZTE Egyetemi Kiadványok Repozitórium  |b hun 
041 |a eng 
100 1 |a Szécsi Gábor 
245 1 0 |a Publicity, communication and community in the information age  |h [elektronikus dokumentum] /  |c  Szécsi Gábor 
260 |a Belvedere Meridionale  |b Szeged  |c 2018 
300 |a 203-210 
490 0 |a Belvedere Meridionale  |v 30 No. 4 
520 3 |a In the age of electronic communication, a new virtual social space is in the making which strengthen the cohesion of competing virtual communication communities, and in which, therefore, the influence of traditional social and political institutes declines. The new communication situations created by the use of electronic technologies (radio, television, the internet, mobile telephony) transform our notion and expectations of political communication, and have a tremendous impact on the social and political rituals. This article argues that the new multi-channel communication situations created by the use of new media have a significant impact on politicians who address so many different types of people simultaneously. The aim of my essay is to show how the networked spaces of multi-channel electronic communication, the multiple public spheres and the new, informationcentered redefinition of social and political categories transform the style and content of political communication and, thus, our expectations concerning the political performances. 
650 4 |a Társadalomtudományok 
650 4 |a Politikatudomány 
650 4 |a Média és kommunikáció 
695 |a Politikai kommunikáció, Elektronikus kommunikáció, Információs kor, Információs társadalom 
700 0 1 |a Mák Kornél  |e aut 
856 4 0 |u http://acta.bibl.u-szeged.hu/56985/1/belvedere_2018_004_203-210.pdf  |z Dokumentum-elérés